[Event "Istanbul Open 2017"]
[Site "Istanbul"]
[Date "2017.09.12"]
[Round "3"]
[White "Nuri, Murad"]
[Black "Erencek, Ali Ediz"]
[Result "1-0"]
[WhiteElo "2285"]
[BlackElo "1888"]
[Annotator "TA"]
[PlyCount "71"]
[EventDate "2017.??.??"]
[EventType "swiss"]
[EventCountry "TUR"]
[SourceTitle "playchess.com"]
[Source "ChessBase"]
[SourceQuality "1"]

{[%evp 10,71,45,19,35,10,46,46,46,46,46,46,52,43,42,44,37,38,31,44,48,45,86,97,81,74,89,70,149,60,74,72,102,22,33,0,0,-33,83,83,256,243,203,80,285,295,262,259,356,341,416,414,496,529,503,509,802,806,676,676,29991,29992,29992,29993]} 1. e4 c5 2. Nf3 d6 3. d4 cxd4 4. Nxd4 Nf6 5. Nc3 a6 6. Nb3 {LiveBook: 137 Games} Qc7 {B90: Sicilian Najdorf: Unusual White 6th moves, 6 Be3 Ng4 and 6 Be3 e5} (6... e5 7. Bg5 Be7 8. Bxf6 Bxf6 9. Qd3 Be6 10. O-O-O Be7 11. Nd5 Bxd5 12. Qxd5 Qc7 13. Kb1 O-O 14. Na5 Nc6 15. Nc4 Rad8 {1-0 (50) Grischuk,A (2737)-Nepomniachtchi,I (2767) Doha 2016}) 7. a4 b6 8. Nd5 $146 ({Predecessor:} 8. g3 Bb7 9. Bg2 e6 10. O-O Be7 11. f4 Nbd7 12. Be3 O-O 13. g4 Nc5 14. Nxc5 dxc5 {1-0 (35) Corredor,F (1990)-Bolivar,J (2106) Santa Rosa 2011}) 8... Nxd5 {White is slightly better.} 9. exd5 ({But not} 9. Qxd5 Bb7 $15) 9... Nd7 10. Be2 g6 11. O-O Bg7 12. Nd4 Bb7 13. Ra3 O-O 14. c4 Rfe8 15. h4 e5 16. dxe6 $1 fxe6 17. h5 Nf8 18. Re1 Qf7 (18... d5 $14) 19. h6 ({White should try} 19. Rg3 $16) 19... Bf6 $14 20. Rb3 Qc7 21. Bf1 (21. Bf3 $16) 21... Rad8 $11 22. Rbe3 {[%cal Rd4e6]} e5 23. Nc2 {[%cal Bd4c2,Bc2b4,Bb4c6][%mdl 32]} Bc6 (23... Bg5 $15 {keeps the upper hand.}) 24. Nb4 $16 a5 $2 (24... Bg5 $16) 25. Nxc6 $18 Qxc6 26. Bd3 (26. Rf3 $18 Nd7 {[#]} 27. c5 $1 {[%mdl 512]} Qxc5 28. Bb5) 26... d5 $2 (26... Qc7 $16 {keeps fighting.}) 27. cxd5 Qxd5 28. Qg4 Rc8 {[#]} 29. b3 $1 {[%mdl 512]} Qd7 (29... Qxb3 30. Bxg6) 30. Bc4+ Kh8 31. Qf3 Qf5 32. Qb7 Ne6 (32... Rxc4 $142 33. bxc4 Qe6) 33. Bb2 {[%cal Re3e5]} Nc5 34. Qd5 Red8 {[#]} 35. Rxe5 $1 {[%mdl 512]} Ne6 (35... Bxe5 36. Bxe5+) 36. Rxf5 {Precision: White = 59%, Black = 29%.} 1-0

[Event "Istanbul Open 2017"]
[Site "Istanbul"]
[Date "2017.09.12"]
[Round "3"]
[White "Erden, Kadir"]
[Black "Kocak, Can"]
[Result "1/2-1/2"]
[WhiteElo "2283"]
[BlackElo "1971"]
[Annotator "TA"]
[PlyCount "88"]
[EventDate "2017.??.??"]
[EventType "swiss"]
[EventCountry "TUR"]
[SourceTitle "playchess.com"]
[Source "ChessBase"]
[SourceQuality "1"]

{[%evp 11,88,62,65,55,69,19,55,20,122,77,138,77,100,34,72,28,41,43,78,74,74,0,0,-9,-14,-49,10,-48,0,0,-9,-16,62,8,8,8,22,0,6,10,6,-13,-13,-16,-16,-16,-16,-33,-33,-33,-33,-33,-33,-36,-13,-13,-13,-13,0,0,0,0,0,0,0,0,0,0,0,0,0,0,0,0,0,0,0,0,0]} 1. d4 d6 2. Nc3 Nf6 3. e4 g6 4. Be2 c6 5. g4 Bg7 6. g5 {B07: Pirc Defence: Miscellaneous Systems} (6. Be3 b5 7. a3 Bb7 8. f3 Qc7 9. h4 h5 10. g5 Nfd7 11. Nh3 a5 12. Qd2 O-O 13. Nf2 Nb6 {½-½ (40) Cuartas,J (2484)-Peralta,F (2622) Montcada 2013}) 6... Nfd7 {LiveBook: 4 Games} 7. Be3 b5 8. Qd2 {White is slightly better.} Bb7 $146 ({Predecessor:} 8... Qa5 9. a3 b4 10. Na2 c5 11. axb4 cxb4 12. Qxb4 Nc6 13. Qxa5 Nxa5 {1-0 (47) Mihalecz,A (2050)-Ragyelik,A (1818) Hungary 2015}) 9. h4 e5 (9... b4 $11 {remains equal.} 10. Nd1 c5) 10. dxe5 dxe5 (10... b4 $142) 11. f3 (11. h5 $142) 11... Na6 $16 12. Rd1 (12. O-O-O $16) 12... Ndc5 13. Nh3 (13. a4 $5) 13... Qxd2+ 14. Rxd2 Ke7 15. Nf2 Ne6 16. Nb1 (16. h5 $16) 16... h6 $11 17. Rg1 Nac7 18. c3 (18. a4 $5) 18... a5 (18... hxg5 $15 19. hxg5 Rh5) 19. Na3 ({White should try} 19. a4 $11) 19... Na6 20. Nc2 {[%cal Ba3c2,Bc2a1,Ba1b3,Bb3c5][%mdl 32]} Nac5 21. Na1 h5 (21... Bc8 $11) 22. Nd3 (22. Nb3 $14 Nxb3 23. axb3) 22... Nxd3+ 23. Bxd3 Rhd8 24. Nb3 a4 25. Nc5 Bc8 26. Kf2 Bf8 27. Rgd1 Ke8 28. Nxe6 Bxe6 29. Bb1 Rxd2+ 30. Rxd2 Rd8 31. a3 Rxd2+ 32. Bxd2 $15 {[%mdl 4096] Endgame KBB-KBB} Kd7 33. Bd3 {The position is equal.} Bc5+ 34. Be3 Kd6 (34... Bd6 {feels hotter.} 35. Kg2 Bb3 36. Kg3 Ke7 37. Kg2 Kd8) 35. Bxc5+ Kxc5 $11 {KB-KB} 36. Ke3 Bc4 37. Bc2 Kd6 38. f4 Ke6 39. Bd1 Kd6 40. f5 Kc5 41. Bf3 Kd6 42. Bd1 Kc5 43. Bf3 Kd6 44. Bd1 Kc5 {Precision: White = 50%, Black = 42%.} 1/2-1/2

[Event "Istanbul Open 2017"]
[Site "Istanbul"]
[Date "2017.09.12"]
[Round "3"]
[White "Mohannad, Farhan"]
[Black "Rasulov, Vugar"]
[Result "0-1"]
[WhiteElo "2264"]
[BlackElo "2504"]
[Annotator "TA"]
[PlyCount "102"]
[EventDate "2017.??.??"]
[EventType "swiss"]
[EventCountry "TUR"]
[SourceTitle "playchess.com"]
[Source "ChessBase"]
[SourceQuality "1"]

{[%evp 14,102,8,13,14,8,4,13,0,-34,16,-53,-39,-38,-30,-52,-52,-60,-40,-65,-67,-64,-68,-64,-64,-74,-37,-47,-43,-49,-35,-41,-40,-47,-47,-51,-53,-146,-90,-95,-84,-68,-57,-51,-58,-70,-40,-37,-37,-37,-30,-35,-25,-229,-212,-297,-292,-310,-306,-308,-311,-308,-312,-398,-400,-574,-562,-547,-367,-363,-331,-332,-279,-391,-250,-317,-122,-112,-124,-127,-120,-113,0,-113,0,0,0,-316,-314,-301,-295]} 1. g3 d5 2. Bg2 Nf6 3. Nf3 c6 4. O-O Bg4 5. d3 Nbd7 6. Qe1 e5 7. e4 dxe4 8. dxe4 a5 {A07: Barcza-System (Königsfianchetto mit möglichen Übergängen in andere Systeme)} 9. Nbd2 a4 10. Nc4 $146 ({Vorgänger:} 10. h3 Bxf3 11. Nxf3 Bc5 12. Nh4 O-O 13. Nf5 Re8 14. Qe2 Qb6 15. c3 Nf8 16. Qf3 {½-½ (64) Zhang,Z (2603)-Dreev,A (2690) Taiyuan 2004}) 10... Qc7 {Die Stellung ist ausgeglichen.} 11. a3 Bc5 12. Nh4 (12. Qc3 $11) 12... Be6 $15 13. Ne3 O-O 14. Kh1 Rfe8 15. Nhf5 Bf8 16. Bd2 g6 17. Nh4 Bc5 18. Qc1 Bd4 19. Re1 Kh8 20. f3 Rad8 21. Nd1 Nh5 22. Bf1 b5 {[%cal Bb7b5,Bb5c4][%mdl 32]} 23. Be2 Ng7 24. Bh6 f6 25. g4 (25. Be3 $15) 25... Nb6 (25... Bf7 $142 26. g5 Ne6 27. gxf6 Nxf6) 26. Ne3 $17 Nc4 27. Bxc4 bxc4 28. c3 Bc5 $36 {[%mdl 2048] Schwarz hat gut koordiniertes Spiel.} 29. Qc2 Qa7 30. Rad1 $1 Rxd1 31. Qxd1 Rb8 32. Re2 Ne8 33. Nhg2 $2 (33. Nf1 $1 $11) 33... Nd6 $19 {Und ...Sf7 würde nun gewinnen.} 34. g5 (34. f4 $142) 34... Nf7 35. h4 fxg5 36. hxg5 Nxh6 37. gxh6 Rf8 38. Re1 Qe7 39. Qxa4 (39. Nf1 $142) 39... Rxf3 {[#] Weiss muss nun ...Dg5 beachten.} 40. Qa8+ Bg8 41. Qxc6 Rh3+ 42. Kg1 Rxh6 43. a4 (43. Rf1 {war einen Versuch wert.} Rh3 44. Kf2) 43... Rh3 44. a5 Rf3 $2 (44... Kg7 $19 {und Schwarz behält klar die Oberhand. Droht ...Le6 und aus.} 45. a6 Kh6) 45. a6 $17 Rf6 46. Qc8 Qa7 47. Kh2 Rf2 ({Lieber} 47... Bxe3 $1 $17 48. Nxe3 Qxa6) 48. Qe8 {[#]} (48. Nd5 $11) 48... Qg7 (48... Qc7 $1 $17 49. Nxc4 Rf8 50. Qxe5+ Qxe5+ 51. Nxe5 Bd6) 49. Ng4 $11 Rf8 ({Natürlich nicht} 49... Rxb2 $6 50. Rd1 $16) 50. Qxe5 $2 {[%mdl 8192]} (50. Qc6 $1 $11 {und Weiss ist OK.} Qe7 51. Ra1) 50... Qxe5+ $19 51. Nxe5 {Sd7 ist eine echte Drohung.} Bd6 {Precision: Weiß = 46%, Schwarz = 65%.} 0-1

[Event "Istanbul Open 2017"]
[Site "Istanbul"]
[Date "2017.09.12"]
[Round "3"]
[White "Erdogan, Anil Berk"]
[Black "Aydogdu, Cagatay"]
[Result "1/2-1/2"]
[WhiteElo "2106"]
[BlackElo "1756"]
[Annotator "TA"]
[PlyCount "77"]
[EventDate "2017.??.??"]
[EventType "swiss"]
[EventCountry "TUR"]
[SourceTitle "playchess.com"]
[Source "ChessBase"]
[SourceQuality "1"]

{[%evp 9,77,70,85,75,142,133,270,104,112,97,108,125,131,117,141,43,52,59,67,71,80,19,4,18,33,0,0,0,0,0,0,0,0,0,16,0,30,0,25,16,17,0,0,0,-14,-83,107,-78,-6,-8,-7,-8,-8,-15,0,-54,-55,-43,-37,-48,0,-71,-72,-72,-86,-84,-40,-113,-101,-111]} 1. e4 g6 2. d4 Bg7 3. Nc3 c6 4. Bc4 e6 5. e5 d5 6. exd6 $1 {B06: Moderne Verteidigung} Qxd6 (6... b5 $142) 7. Ne4 $1 $16 {[%cal Re4d6]} (7. Nf3 Nf6 8. O-O b5 9. Bd3 O-O 10. Bg5 Nbd7 11. Re1 b4 12. Ne2 Bb7 13. Bf4 {1-0 (47) Muhren,B (2295)-Lanchava,T (2364) Eindhoven 2010}) 7... Qxd4 (7... Qc7 $16 {kämpft weiter.}) 8. Qxd4 $2 (8. Nd6+ $18 {und der Rest ist Schweigen.} Ke7 9. Nxc8+ Kd7 10. Qxd4+ Bxd4 11. Nf3) 8... Bxd4 9. Nf3 $146 ({Vorgänger:} 9. Nd6+ Ke7 10. Nxc8+ Kd7 11. Nf3 Bf6 12. Nxa7 Rxa7 13. Bf4 {½-½ (25) Ulfarsson,M (2260)-Goganlan,A Duisburg 1992}) 9... Bg7 10. Nd6+ Ke7 11. Nxc8+ Kd7 12. Nxa7 (12. Ng5 $16 Nh6 13. Nxa7) 12... Rxa7 $14 13. Be3 Ra8 14. O-O-O+ Ke8 {[%cal Bd7e8,Be8e7,Be7f8,Bf8g8][%mdl 32]} 15. Nd2 ({Günstiger ist} 15. Ng5 $16) 15... b5 16. Bb3 Nd7 17. c4 Ngf6 18. cxb5 cxb5 19. f3 Ke7 20. Kb1 Rhc8 21. Rc1 Kf8 22. Bf4 Kg8 23. Bd6 Bh6 24. Rxc8+ Rxc8 25. Rd1 (25. Rc1 $5 {[%cal Rc1c8]} Rd8 26. Rd1 $11) 25... Nc5 26. Bxc5 (26. Bc2 {keeps more tension.} Nd5 27. Bxc5 Rxc5 28. Ne4 Rc7 29. Bb3) 26... Rxc5 27. a4 (27. Bc2 $11) 27... Nd5 $2 (27... bxa4 $17 28. Bxa4 Re5) 28. axb5 $2 (28. Ne4 $16 {ist nötig, um Vorteil zu sichern.} Rc8 29. Bxd5 (29. axb5 Nb6 $16) 29... exd5 30. Nd6 (30. Rxd5 Rc1+ 31. Ka2 bxa4 $11)) 28... Rxb5 (28... Ne3 $1 $17 {[%cal Re3d1]} 29. Ne4 Rxb5 30. Rd8+ Bf8) 29. Bxd5 $1 $11 Rxd5 $16 {[%mdl 4096] Endspiel KTL-KTS} 30. Kc2 Rc5+ 31. Kd3 Rd5+ 32. Kc3 ({Lieber} 32. Kc2 $11) 32... Bg7+ $15 33. Kc2 Rc5+ 34. Kb1 Rd5 (34... Rg5 $5 {[%cal Rg5g2]} 35. g3 Rd5 $15) 35. b3 {[#]} (35. Kc2 $11 {hält das Gleichgewicht.}) 35... Rd3 $1 $17 36. Kc2 Rc3+ 37. Kb1 {[#]} Bh6 $1 38. b4 (38. h3 $15) 38... Bf8 39. Ne4 {Precision: Weiß = 39%, Schwarz = 38%.} 1/2-1/2

[Event "Istanbul Open 2017"]
[Site "Istanbul"]
[Date "2017.09.12"]
[Round "3"]
[White "Taskiran, Recep"]
[Black "Bogdanovich, Stanislav"]
[Result "0-1"]
[WhiteElo "1930"]
[BlackElo "2593"]
[Annotator "TA"]
[PlyCount "116"]
[EventDate "2017.??.??"]
[EventType "swiss"]
[EventCountry "TUR"]
[SourceTitle "playchess.com"]
[Source "ChessBase"]
[SourceQuality "1"]

{[%evp 9,116,40,45,38,20,0,31,-4,12,4,14,0,0,0,0,0,0,0,0,0,0,0,0,0,0,0,12,0,0,0,0,0,0,0,0,0,31,0,20,11,27,37,56,60,89,95,72,32,61,31,27,0,28,0,0,0,0,-10,-10,-10,-12,-33,-29,-28,-27,-28,-12,-13,-14,-20,-20,-25,-20,-17,-14,-47,-11,-197,-191,-206,-208,-218,-165,-224,-220,-231,-210,-238,-176,-179,-153,-146,-142,-164,-152,-167,-115,-110,-96,-104,-77,-524,-510,-549,-548,-574,-563,-529,-461]} 1. e4 b6 2. d4 Bb7 3. Nc3 e6 4. a3 Nf6 5. Bd3 d5 {[%cal Rd5e4] LiveBook: 3 Games} (5... c5 6. Nf3 cxd4 7. Nxd4 Nc6 8. Nxc6 Bxc6 9. Bf4 d6 10. Qe2 Be7 11. O-O-O Nd7 12. Bb5 Qc7 13. Qc4 Rc8 {1-0 (50) Hou,Y (2663)-Ghaem Maghami,E (2551) Almaty 2016}) 6. exd5 {B00: Queen's Fianchetto Defence, Nimzowitsch Defence} (6. e5 $5 {[%cal Re5f6]} Ne4 7. Bxe4 dxe4 8. Nge2 $14) 6... Nxd5 7. Ne4 Be7 8. Nf3 {White is slightly better.} Nd7 9. Qe2 $146 ({Find the theoretical novelty and annotate with similar games:} 9. O-O N5f6 10. Re1 O-O 11. c3 a5 12. Qc2 Ba6 13. Bxa6 Rxa6 {½-½ (37) Ibaoc,T-Quan Le Quang,A Hue 2009}) 9... O-O 10. Bd2 N5f6 11. O-O c5 12. dxc5 Nxe4 13. Bxe4 Bxe4 14. Qxe4 Nxc5 15. Qe2 Bf6 16. Rad1 Qc7 17. c3 b5 18. Bg5 Bxg5 19. Nxg5 Rab8 20. Qc2 {[%csl Gg5][%cal Rc2h7] [#]} g6 21. Rd4 Rfd8 22. Rfd1 Rxd4 (22... e5 $5 {[%cal Re5d4]} 23. R4d2 f6 $11) 23. Rxd4 Kg7 24. Qd1 Qe5 25. h4 {Hoping for b4.} h6 26. Nf3 Qf6 27. g3 a6 28. Kg2 Rc8 29. Rd6 Rc7 30. Rd4 Qe7 31. c4 (31. h5 $5) 31... e5 32. Rd5 $1 {[%cal Rd5e5]} bxc4 {Strongly threatening ...Nd3.} 33. Rxe5 Qf6 {next ...Nd3 is good for Black.} 34. Re2 Nd3 35. Qc2 Rc5 36. Qc3 Qxc3 37. bxc3 $11 {[%mdl 4096] Endgame KRN-KRN} Ra5 38. Ra2 $1 Nc1 39. Rc2 Nb3 40. Ra2 Rd5 41. Rc2 Kf6 42. Nh2 Kf5 (42... Rd2 $5 {[%cal Rd2c2]} 43. Ng4+ Ke6 44. Rxd2 Nxd2 $11) 43. Nf1 $2 (43. f3 $11) 43... Ke4 $19 44. Re2+ Kd3 45. Re3+ Kc2 46. Re7 (46. Rf3 {was necessary.} Rd7 47. g4) 46... Kxc3 47. Rxf7 {[#]} Rd6 $1 48. Rc7 Kd3 49. Ne3 Nd2 50. Nd1 Kc2 51. Ne3+ Kb3 52. f3 c3 ({Resist} 52... Kxa3 53. Rxc4 a5 54. Rc7 $15) ({Black should play} 52... a5 $19 53. Kf2 a4) 53. Kf2 Nb1 54. Rb7+ Ka2 55. Ke1 $2 {[%mdl 8192]} (55. Rc7 $17) 55... Nxa3 {Black is clearly winning.} 56. Rc7 Kb3 57. g4 c2 58. f4 Kb2 {Precision: White = 41%, Black = 64%.} 0-1

[Event "Istanbul Open 2017"]
[Site "Istanbul"]
[Date "2017.09.12"]
[Round "3"]
[White "Ozsakallioglu, Okan"]
[Black "Petrov, Marian"]
[Result "0-1"]
[WhiteElo "1926"]
[BlackElo "2470"]
[Annotator "TA"]
[PlyCount "68"]
[EventDate "2017.??.??"]
[EventType "swiss"]
[EventCountry "TUR"]
[SourceTitle "playchess.com"]
[Source "ChessBase"]
[SourceQuality "1"]

{[%evp 12,68,18,0,19,-14,-8,-14,-7,-10,-7,-33,20,11,12,16,31,18,29,14,40,0,25,-29,-22,-62,-61,-77,-77,-77,-73,-69,23,-287,0,-77,-70,-77,-77,-85,-77,-87,-83,-101,-59,-66,-68,-61,-43,-134,-141,-190,-177,-557,-547,-770,-762,-769,-748]} 1. e4 c5 2. Nc3 Nc6 3. g3 g6 4. Bg2 Bg7 5. Nge2 Rb8 6. a4 a6 {B24: Closed Sicilian: 3 g3 sidelines} 7. O-O {LiveBook: 4 Games} b5 (7... d6 8. d3 b5 9. axb5 axb5 10. f4 b4 11. Nd5 e6 12. Ne3 Nge7 13. f5 gxf5 14. exf5 exf5 15. Nxf5 Bxf5 16. Bxc6+ Nxc6 17. Rxf5 {0-1 (41) Aleskerov,F (2315)-Khachiyan,M (2530) chess.com INT 2017}) 8. d3 b4 {The position is equal.} 9. Nd5 {[%cal Bc3d5,Bd5e3,Be3c4][%mdl 32]} e6 10. Ne3 Nge7 11. f4 f5 $146 ({Black should try} 11... d6 $15) ({Predecessor:} 11... d5 12. Qe1 dxe4 13. dxe4 Nd4 14. g4 {0-1 (32) Uzunov,B-Popov,G (2218) Sofia 2010}) 12. e5 $11 {next Nc4 is good for White.} d6 13. exd6 Qxd6 14. Nc4 Qc7 15. Be3 Na5 16. Nxa5 Qxa5 17. d4 (17. Nc1 $142) 17... c4 18. b3 Qc7 19. Rc1 Bb7 20. Bxb7 Rxb7 21. c3 Rb8 ({Black should play} 21... Nd5 $15 22. Bf2 cxb3 23. cxb4 Qd7 24. Qxb3 Rxb4) 22. Ra1 $2 {[%mdl 8192] [#]} (22. cxb4 $1 $11 {and White stays safe.} Rxb4 23. Bd2) 22... Rb7 $2 (22... bxc3 $19 {and Black stays clearly on top.} 23. Nxc3 cxb3) 23. Rc1 $17 Nd5 24. Bf2 cxb3 25. cxb4 Qd7 $36 {[%mdl 2048] Black is on the roll.} 26. Qxb3 Rxb4 27. Qc2 Rxa4 28. Ra1 $1 Rxa1 29. Rxa1 Kf7 {Strongly threatening ...Rc8.} (29... Qc7 $5 {[%cal Rc7c2]} 30. Qb3 Kf7 31. Rxa6 Rb8 $17) 30. Nc1 (30. Rxa6 $15 Rb8 31. Be1) 30... Rc8 31. Qd2 Nc3 32. Be3 $2 {[#]} (32. Qd3 {is tougher.}) 32... Ne4 $19 {Black is clearly winning.} 33. Qd1 Rc3 34. Nd3 Qb5 {Precision: White = 40%, Black = 37%.} 0-1

[Event "Istanbul Open 2017"]
[Site "Istanbul"]
[Date "2017.09.12"]
[Round "3"]
[White "Kirali, Mehmet"]
[Black "Citak, Selim"]
[Result "0-1"]
[WhiteElo "1909"]
[BlackElo "2318"]
[Annotator "TA"]
[PlyCount "22"]
[EventDate "2017.??.??"]
[EventType "swiss"]
[EventCountry "TUR"]
[SourceTitle "playchess.com"]
[Source "ChessBase"]
[SourceQuality "1"]

{[%evp 11,22,-17,-9,-46,-42,-54,-34,-36,-27,-80,-79,-454,-447]} 1. Nf3 Nf6 2. d4 c5 3. g3 cxd4 4. Nxd4 d5 {[%cal Bd7d5,Bd5d4][%mdl 32]} 5. Bg2 e5 6. Nb3 Nc6 7. Nc3 {[%cal Rc3d5] D02: 1 d4 d5 2 Nf3 sidelines, including 2...Nf6 3 g3 and 2...Nf6 3 Bf4} (7. Bg5 Be6 8. O-O Be7 9. Bxf6 Bxf6 10. c4 dxc4 11. Nc5 e4 12. Nd2 Bxb2 13. Nxe6 fxe6 14. Rb1 c3 15. Bxe4 Qxd2 16. Qxd2 cxd2 17. Rxb2 {½-½ (31) Svidler,P (2734)-Karjakin,S (2753) Khanty-Mansiysk 2015}) 7... d4 8. Ne4 Bf5 $146 ({Predecessor:} 8... Nxe4 9. Bxe4 Bh3 10. e3 Qd7 11. exd4 O-O-O 12. d5 f5 13. Bf3 e4 14. Be2 Qxd5 15. Qxd5 Rxd5 {1-0 (48) Martindale,D (2149)-Cairney,J (2083) ICCF email 2011}) 9. Bg5 Bb4+ 10. Nbd2 (10. Kf1 $11) 10... Bxe4 $17 11. Bxe4 $4 {[%mdl 8192] [#]} (11. Bxf6 $17 Qd5 12. f3 Bxc2 13. Qxc2 gxf6 14. O-O) 11... Bxd2+ $1 0-1

[Event "Istanbul Open 2017"]
[Site "Istanbul"]
[Date "2017.09.12"]
[Round "3"]
[White "Onem, Uzay Altay"]
[Black "Grigoriev, Armen"]
[Result "0-1"]
[WhiteElo "1886"]
[BlackElo "2143"]
[Annotator "TA"]
[PlyCount "117"]
[EventDate "2017.??.??"]
[EventType "swiss"]
[EventCountry "TUR"]
[SourceTitle "playchess.com"]
[Source "ChessBase"]
[SourceQuality "1"]

{[%evp 12,117,18,3,16,15,16,0,15,18,6,8,4,-11,37,0,39,48,35,27,44,38,54,46,63,63,81,45,78,69,69,35,61,43,38,19,41,28,33,18,24,23,36,28,29,16,31,38,37,-31,25,26,46,39,64,31,37,36,63,25,38,36,31,26,35,15,3,-20,-20,-25,-25,-30,0,0,0,0,80,10,14,15,44,0,0,0,0,0,0,0,0,0,0,0,0,-9,-9,-9,-9,-9,-10,-8,-11,-9,-4,-11,-1,-21,-21,-25]} 1. d4 d5 2. c4 Bf5 3. Nc3 e6 4. Nf3 Nf6 5. Bg5 c6 6. e3 Nbd7 7. Be2 {LiveBook: 3 Games} Be7 {D15: Slav Defence: 4 Nc3 a6 and gambit lines after 4 Nc3 dxc4} (7... h6 $5 {[%cal Rh6g5]} 8. Bf4 dxc4 $11) 8. O-O O-O (8... Ne4 9. Nxe4 Bxe4 10. Bf4 O-O 11. c5 Bxf3 12. Bxf3 Bg5 13. Bg3 Bh4 14. b4 Bxg3 15. hxg3 {1-0 (38) Adams,M (2640)-Anand,V (2720) London 1994}) 9. h3 h6 10. Bf4 dxc4 11. Bxc4 Nd5 $146 12. Bg3 Qb6 13. Qe2 {[#] Strongly threatening e4.} Bg6 14. e4 Nxc3 15. bxc3 {Rab1 is the strong threat.} Qa5 $1 16. Rfc1 b5 17. Bd3 Ba3 18. Rc2 Rfd8 19. Nd2 Nb6 20. f4 Bh7 21. Bf2 Na4 22. Nb3 Qc7 23. g3 Nb6 24. Kh2 Rac8 25. c4 bxc4 26. Bxc4 Nxc4 27. Rxc4 Bg6 28. Rd1 Qb8 29. Qc2 Qb5 {Threatens to win with ...Bxe4!} 30. Nd2 (30. Nc5 $14 Rb8 31. g4) 30... Bd6 ({Better is} 30... a5 $15) 31. Rb1 $11 Qa5 32. Nb3 Qc7 33. Nc5 (33. Be1 $5 {[%cal Re1a5]}) 33... Bxc5 34. Rxc5 Qd7 35. a4 f6 36. a5 Be8 37. a6 Rb8 38. Rxb8 Rxb8 39. d5 exd5 40. exd5 cxd5 41. Rc7 Qe6 (41... Rb2 $5 42. Qxb2 Qxc7 $11) 42. Rxa7 {Hoping for Qc7.} Rc8 43. Qd3 Bc6 {[#]} (43... d4 $11 {remains equal.} 44. Qxd4 Bb5) 44. Qe3 ({White should try} 44. f5 $1 $16 {[%cal Rf5e6]} Qe5 45. Bd4) 44... Qxe3 $1 45. Bxe3 {[%mdl 4096] Endgame KRB-KRB} Bb5 46. Kg1 Kh7 {The position is equal.} 47. g4 Rc6 48. Rd7 {aiming for a7.} Rxa6 49. Rxd5 Bc6 50. Rd1 Bf3 51. Rf1 Be2 52. Re1 (52. Rf2 $5 {[%cal Rf2e2]} Bd3 53. Rd2 $11) 52... Ra2 53. Bf2 h5 54. gxh5 Kh6 55. Kg2 Kxh5 56. Rc1 Kg6 57. Rc5 Ra3 58. Rc7 Bf3+ 59. Kh2 {[%mdl 32768] Precision: White = 42%, Black = 43%. . Sensor Board Error (Ke4/e5)?} 0-1

[Event "Istanbul Open 2017"]
[Site "Istanbul"]
[Date "2017.09.12"]
[Round "3"]
[White "Kilic, Eray"]
[Black "Hajiyev, Ulvu"]
[Result "1-0"]
[WhiteElo "1727"]
[BlackElo "1658"]
[Annotator "NA RC"]
[PlyCount "117"]
[EventDate "2017.??.??"]
[EventType "swiss"]
[EventCountry "TUR"]
[SourceTitle "playchess.com"]
[Source "ChessBase"]
[SourceQuality "1"]
[TimeControl "5400+30"]

1. e4 Nc6 2. Nf3 d6 3. d4 Bg4 4. Be2 e5 5. d5 Bxf3 6. Bxf3 Nce7 7. Nc3 g6 8. Qd3 a6 9. g4 Qd7 10. Be3 O-O-O 11. O-O-O f5 12. gxf5 gxf5 13. Rhg1 Nf6 14. Bg5 Neg8 15. exf5 Re8 16. Ne4 Be7 17. Bxf6 Nxf6 18. Rg7 Qd8 19. Qe3 Kb8 20. Kb1 {[%emt 0:58:00]} Reg8 {[%emt 0:54:30]} 21. Rg3 {[%emt 0:06:30]} Nxe4 {[%emt 0:01:30]} 22. Qxe4 {[%emt 0:01:30]} Bg5 {[%emt 0:00:30]} 23. Bh5 {[%emt 0:01:30]} Bf4 {[%emt 0:02:30]} 24. Rb3 {[%emt 0:00:00]} Qf6 {[%emt 0:03:30]} 25. Be2 {[%emt 0:04:00]} Ka7 {[%emt 0:01:30]} 26. Qb4 {[%emt 0:00:30]} Rb8 {[%emt 0:00:30]} 27. Qa5 {[%emt 0:00:00]} Qd8 {[%emt 0:04:30]} 28. Qa4 {[%emt 0:07:00]} Rg8 {[%emt 0:00:30]} 29. Ra3 {[%emt 0:00:30]} Qc8 {[%emt 0:02:30]} 30. Bb5 {[%emt 0:03:30]} Rg7 {[%emt 0:01:30]} 31. h4 {[%emt 0:02:47]} Ra8 {[%emt 0:00:30]} 32. Bd3 {[%emt 0:01:27]} Rg2 {[%emt 0:03:30]} 33. Bb5 {[%emt 0:03:18]} Rg7 {[%emt 0:01:30]} 34. f6 {[%emt 0:01:27]} Rf7 {[%emt 0:00:30]} 35. Rb3 {[%emt 0:00:52]} Rb8 {[%emt 0:03:30]} 36. h5 {[%emt 0:01:50]} Qg4 {[%emt 0:02:30]} 37. f3 {[%emt 0:00:25]} Qc8 {[%emt 0:02:30]} 38. Ra3 {[%emt 0:01:58]} Ra8 {[%emt 0:01:46]} 39. Qa5 {[%emt 0:00:52]} Rxf6 {[%emt 0:00:58]} 40. Rc3 {[%emt 0:00:07]} Rf7 {[%emt 0:01:07]} 41. a3 {[%emt 0:00:50]} Qd8 {[%emt 0:01:23]} 42. Qa4 {[%emt 0:01:22]} Kb8 {[%emt 0:00:36]} 43. Bc6 {[%emt 0:00:33]} bxc6 {[%emt 0:02:00]} 44. Qb3+ {[%emt 0:00:11]} Ka7 {[%emt 0:00:19]} 45. dxc6 {[%emt 0:00:05]} Rb8 {[%emt 0:00:08]} 46. Qxf7 {[%emt 0:00:05]} h6 {[%emt 0:00:55]} 47. Qd7 {[%emt 0:00:28]} Qxd7 {[%emt 0:01:27]} 48. cxd7 {[%emt 0:00:05]} Rd8 {[%emt 0:00:08]} 49. Rxc7+ {[%emt 0:00:10]} Kb6 {[%emt 0:00:07]} 50. Rc8 {[%emt 0:00:02]} Rxd7 {[%emt 0:00:13]} 51. c4 {[%emt 0:00:05]} Kb7 {[%emt 0:02:25]} 52. Rf8 {[%emt 0:00:08]} Bg5 {[%emt 0:01:01]} 53. c5 {[%emt 0:00:38]} d5 {[%emt 0:00:02]} 54. Rf5 {[%emt 0:00:09]} Bf4 {[%emt 0:01:10]} 55. Rf6 {[%emt 0:00:29]} Kc7 {[%emt 0:01:04]} 56. Rxa6 {[%emt 0:00:27]} d4 {[%emt 0:00:26]} 57. Ra7+ {[%emt 0:00:07]} Kc8 {[%emt 0:00:01]} 58. Rxd7 {[%emt 0:00:10]} Kxd7 {[%emt 0:00:30]} 59. Kc2 {[%emt 0:00:00]} 1-0